LEADER 01065cam2 22003011 450 001 SOBE00022636 005 20120220142058.0 100 $a20120220d1927 |||||ita|0103 ba 101 $aita 102 $aIT 200 0 $a2 210 $aTorino$cUTET$d1927 215 $a309 p.$d18 cm 225 2 $aCollezione di classici italiani con note$v45 410 1$1001LAEC00020637$12001 $a*Collezione di classici italiani con note$v45 461 1$1001SOBE00022638$12001 $a<>Iliade d'Omero / Vincenzo Monti ; introduzione e note di Roberto D'Alfonso 700 0$aHomerus$3AF00007042$4070$0155559 702 1$aMonti, Vincenzo$3AF00014831$4070 702 1$aD'Alfonso, Roberto$3A600200028467$4070 801 0$aIT$bUNISOB$c20120220$gRICA 850 $aUNISOB 852 $aUNISOB$j850|Coll|30|K$m48433 912 $aSOBE00022636 940 $aM 102 Monografia moderna SBN 941 $aW 957 $a850|Coll|30|K$b000044$i-2$gSI$d48433$racquisto$tN$1vittorini$2UNISOB$3UNISOB$420120220104359.0$520120502133322.0$6bethb 996 $a2$91650503 997 $aUNISOB